000 01033nam a2200265 i 4500
001 53736
003 ES-MaACL
005 20250830233416.0
007 t|
008 960704s1866 sp ||||1| spa d
080 _a326(729.1)
080 _a329(729.1)
080 _a327(73:729.1)
080 _a327(729.1:73)
100 1 _aFernández Golfín, Luis,
_d1828-1897
_949819
245 1 0 _aBreves apuntes sobre las cuestiones más importantes de la isla de Cuba /
_cpor el coronel de Caballería, teniente coronel del Cuerpo de E.M. del Ejército D. Luis Fernández Golfín.
260 _aBarcelona :
_b[s.n.],
_c1866 (
_fEstab. tip. del Lloyd español)
300 _a[8], 159 p. ;
_c20 cm.
650 4 _aEsclavitud-
_zCuba.
_9138905
650 4 _aPartidos políticos-
_zCuba.
_9164315
651 4 _aEstados Unidos-
_xRelaciones-
_zCuba
_98562
651 4 _aCuba-
_xRelaciones-
_zEstados Unidos.
_98115
852 4 _aES-MaACL
_jT-616-F-1
_z- Ded. autógrafa del autor a Eugenio Alonso y Sanjurjo
999 _c53736
_d53736